Central Library OPAC University of Rajshahi

Phenotypic Expression of Wheat (Triticum Aestivum L.) Under Environmental Variations / (Record no. 83729)

MARC details
000 -LEADER
fixed length control field 00908nam a2200241 a 4500
001 - CONTROL NUMBER
RUCL Control Number 83729
003 - CONTROL NUMBER IDENTIFIER
rucl marc code BD-RjUL
005 - DATE AND TIME OF LATEST TRANSACTION
control field 20240513135545.0
008 - FIXED-LENGTH DATA ELEMENTS--GENERAL INFORMATION
fixed length control field 240513s2001 bg a|||| m||| 00| 0 eng d
035 ## - SYSTEM CONTROL NUMBER
system control number (BD-RjUL)83729
040 ## - CATALOGING SOURCE
Original cataloging agency BD-RjUL
Language of cataloging eng
Transcribing agency BD-RjUL
Modifying agency BD-RjUL
041 ## - LANGUAGE CODE
Language code of Book eng
082 ## - DEWEY DECIMAL CLASSIFICATION NUMBER
DDC Edition number 23
Classification number 584.93
Author mark and Year SAP 2001
100 ## - MAIN ENTRY--PERSONAL NAME
Personal name Sarker, Md. Kased Ali
9 (RLIN) 12811
245 10 - TITLE STATEMENT
Title Phenotypic Expression of Wheat (Triticum Aestivum L.) Under Environmental Variations /
Statement of responsibility, etc By Md. Kased Ali Sarker ;
Name of Supervisor/Co-Supervisor Supervisor : A. K. M. Rafiul Islam
260 ## - PUBLICATION, DISTRIBUTION, ETC. (IMPRINT)
Place of publication, distribution, etc Rajshahi :
Name of publisher, distributor, etc Department of Botany, University of Rajshahi,
Date of publication, distribution, etc 2001
300 ## - PHYSICAL DESCRIPTION
Pagination xxii, 194 Leaves :
Other physical details ill, ;
Dimensions 29 cm.
502 ## - DISSERTATION NOTE
Dissertation note Thesis (Ph. D.) -- Department of Botany, University of Rajshahi, 2001
504 ## - BIBLIOGRAPHY, ETC. NOTE
Bibliography, etc References : Leaves [171]-194
650 ## - SUBJECT ADDED ENTRY--TOPICAL TERM
Topical term or geographic name as entry element Wheat
Form subdivision Phenotypic
9 (RLIN) 12980
700 ## - ADDED ENTRY--SUPERVISOR/CO-SUPERVISOR NAME
Personal name Islam, A. K. M. Rafiul, Supervisor
9 (RLIN) 2077
942 ## - ADDED ENTRY ELEMENTS (KOHA)
Source of classification or shelving scheme Dewey Decimal Classification
Koha item type Theses
Holdings
Source of classification or shelving scheme Damaged status Not for loan Collection code Permanent Location Current Location Shelving location Date of accession Source of acquisition Total Checkouts Full call number Barcode Date last seen Copy number Thesis
Dewey Decimal Classification   Not For Loan Serials Central Library, University of Rajshahi Central Library, University of Rajshahi Documentation Section 23/09/2002 Controller of Exam. R. U.   THE 584.93 SAP 2001 D2094 13/05/2024 C-I Theses